| 000 | 01492cam a2200409 i 4500 | ||
|---|---|---|---|
| 999 |
_c200442840 _d61052 |
||
| 001 | 200442840 | ||
| 003 | TR-AnTOB | ||
| 005 | 20230316100504.0 | ||
| 007 | ta | ||
| 008 | 910313t19911991dcu b i000 0 eng | ||
| 010 | _a 91014097 | ||
| 020 |
_a1557752095 : _c$10.00 |
||
| 035 | _a(TR-AnTOB)200442840 | ||
| 040 |
_aDLC _beng _erda _cDLC _dDLC _dTR-AnTOB |
||
| 041 | 0 | _aeng | |
| 043 | _ad------ | ||
| 050 | 0 | 4 |
_aHG3877 _b.A344 1991 |
| 090 |
_aHG3877 _b.A344 1991 |
||
| 100 | 1 |
_aAghevli, Bijan B. _eauthor _9130405 |
|
| 245 | 1 | 0 |
_aExchange rate policy in Developing countries : _bsome analytical issues / _cby Bijan B. Aghevli, Mohsin S. Khan, and Peter J. Montiel. |
| 264 | 1 |
_aWashington, D.C. : _bInternational Monetary Fund, _c1991. |
|
| 264 | 4 | _c©1991 | |
| 300 |
_av, 25 pages ; _c28 cm |
||
| 336 |
_atext _btxt _2rdacontent |
||
| 337 |
_aunmediated _bn _2rdamedia |
||
| 338 |
_avolume _bnc _2rdacarrier |
||
| 490 | 0 |
_aOccasional paper, _x0251-6365 ; _v78 |
|
| 500 | _a"March 1991." | ||
| 650 | 0 |
_aForeign exchange administration _zDeveloping countries _9132045 |
|
| 700 | 1 |
_aKhan, Mohsin S. _eauthor _9130470 |
|
| 700 | 1 |
_aMontiel, Peter J., _d1951- _eauthor _9132046 |
|
| 710 | 2 |
_aInternational Monetary Fund _979373 |
|
| 856 | 4 | 1 |
_3IMF eLibrary (Open Access) _zOnline access link to the resource _uhttps://www.elibrary.imf.org/display/book/9781557752093/9781557752093.xml?rskey=N4fbSc&result=1 |
| 942 |
_2lcc _cBK |
||